Drive : original motion picture soundtrack.

Bibliographic Details
Main Author: Martinez, Cliff
Corporate Author: Electric Youth (Musical group)
Other Authors: Kavinsky (Musician), Ortolani, Riz, Ranieri, Katyna, Quayle, Mac, Tripi, Gregory
Format: CD Audio
Language:English
Published: [Los Angeles, Calif.] : Lakeshore, [2011]
Subjects:

MARC

Tag First Indicator Second Indicator Subfields
LEADER 00000cjm a2200000Ia 4500
001 in00002786077
005 20151202172131.0
007 sd fungnn|||ed
008 110705s2011 caumpnn n eng d
019 |a 759028732  |a 765819025 
020 |a 9786314387389 (CD) 
020 |a 6314387388 (CD) 
024 1 0 |a 780163423228 
024 7 |a 00780163423228  |2 gtin-14 
028 0 2 |a LKS342322  |b Lakeshore 
035 |a (OCoLC)ocn739835994 
035 |a (OCoLC)739835994  |z (OCoLC)759028732  |z (OCoLC)765819025 
040 |a BTCTA  |b eng  |c BTCTA  |d TEF  |d TEFMT  |d GK8  |d MR0  |d OCLCQ  |d TDF  |d B@L  |d OCLCO  |d TXA  |d UtOrBLW 
049 |a TXAM 
050 4 |a M1527.M37  |b .D75 2011 
082 0 4 |a 781.5/42  |2 23 
100 1 |a Martinez, Cliff. 
245 1 0 |a Drive :  |b original motion picture soundtrack. 
264 1 |a [Los Angeles, Calif.] :  |b Lakeshore,  |c [2011] 
264 4 |c ℗2011 
300 |a 1 sound disc (70 min.) :  |b digital ;  |c 4 3/4 in. +  |e 1 leaflet. 
336 |a performed music  |b prm  |2 rdacontent 
337 |a audio  |b s  |2 rdamedia 
338 |a audio disc  |b sd  |2 rdacarrier 
511 0 |a Cliff Martinez, Baschet crystal ; Mac Quayle, guitar ; Gregory Tripi, saz, sitar ; various performers. 
508 |a Score produced by Cliff Martinez ; soundtrack album produced by Brian McNelis and Skip Williamson. 
500 |a Compact disc. 
505 0 0 |t Nightcall  |r (Kavinsky & Lovefoxxx) --  |t Under your spell  |r (Desire) --  |t Real hero  |r (College feat. Electric Youth) --  |t Oh my love  |r (Riz Ortolani feat. Katyna Ranieri) --  |t Tick of the clock  |r (the Chromatics) --  |t Rubber head ;  |t I drive ;  |t He had a good time ;  |t They broke his pelvis ;  |t Kick your teeth ;  |t Where's the deluxe version? ;  |t See you in four ;  |t After the chase ;  |t Hammer ;  |t Wrong floor ;  |t Skull crushing ;  |t My name on a car ;  |t On the beach ;  |t Bride of deluxe /  |r Cliff Martinez (Cliff Martinez, Mac Quayle, Gregory Tripi). 
500 |a Sound recording. 
650 0 |a Motion picture music. 
700 0 |a Kavinsky  |c (Musician) 
700 1 |a Ortolani, Riz. 
700 1 |a Ranieri, Katyna. 
700 1 |a Quayle, Mac. 
700 1 |a Tripi, Gregory. 
710 2 |a Electric Youth (Musical group) 
730 0 |a Drive (Motion picture) 
948 |a cataloged  |b h  |c 2012/12/21  |d c  |e jstorlie  |f 2:10:00 pm 
994 |a C0  |b TXA 
999 |a MARS 
999 f f |s 8a375448-5e99-3fb9-a6db-0ce0fc3b8d42  |i 3b1c4dcb-c7ff-3e7c-a6b5-f50516d2a2f6  |t 0 
952 f f |p ric  |a Texas A&M University  |b Rellis Campus  |c Joint Library Facility  |d Remote Storage  |t 0  |e M1527.M37 .D75 2011  |h Library of Congress classification  |i audio -- audio disc  |m A14841628432 
998 f f |a M1527.M37 .D75 2011  |t 0  |l Remote Storage